000 00924cam a2200133 4500500
005 20251214001515.0
041 _afre
042 _adc
100 1 0 _aMeyer, Bernard
_eauthor
245 0 0 _aMaîtriser l'argumentation
260 _bArmand Colin,
_c2011.
520 _aL'argumentation se trouve au cœur du fonctionnement de notre société, et ce à trois niveaux : politique, médiatique et professionnel. À chacun de savoir défendre et imposer son point de vue lors des réunions, séminaires, etc. Destiné aux étudiants des premiers cycles universitaires (licence, DUT, BTS, CPGE) afin qu'ils soient mieux préparés aux examens, concours, mais aussi à leur insertion professionnelle, ce manuel s'adresse également aux adultes en formation continue et aux enseignants de lycée et collège.
856 4 1 _uhttps://shs.cairn.info/maitriser-l-argumentation--9782200270018?lang=fr&redirect-ssocas=7080
999 _c1566247
_d1566247